00586nam a2200157Ia 4500008004000000082001600040100004000056245004300096260004600139300001200185650005400197690002100251906001200272999001900284952012500303210210b1974 xxu||||| |||| 00| 0 eng d a331.11 HARE aHARBISON (Frederick) & MYERS (C A). aEducation, manpower & economic growth. aBombaybOxford & IBH publishing Co.c1974 axii,229 aEducation & manpower Manpower & economic growth aLabour Economics aSG00775 c112350d112350 001040708EconomicsaALbALcEconomicsd2021-02-17g0.00l0o331.11 HAREpSG00775r2021-02-17 00:00:00w2021-02-17ySG